| 000 | 00470nam a2200181Ia 4500 | ||
|---|---|---|---|
| 003 | LK-CoDNM | ||
| 008 | 010623t2003 xxu||||| |||| 00| 1 sin d | ||
| 040 |
_aLK-CoDNM _dLK-CoDNM _eLK-CoDNM |
||
| 041 | _asin | ||
| 080 |
_a641.1 _bLIY |
||
| 100 | _aLiyanage, Suminda | ||
| 245 | _aචීන රස බොජුන් | ||
| 246 | _aChina rasa bojun | ||
| 260 |
_bMalpiyali prakashakayo _aDankotuwa _c2003 |
||
| 300 | _b120, 21.5 cm | ||
| 650 | _aCookery | ||
| 942 | _cBK | ||
| 999 |
_c122820 _d122820 |
||